Crowding-in and Crowding-out Effects of Public Investments in the Portuguese Economy
Na minha lista:
| Autor principal: | |
|---|---|
| Outros Autores: | |
| Formato: | Capítulo de Livro |
| Idioma: | inglês |
| Tags: |
Sem tags, seja o primeiro a adicionar uma tag!
|
MARC
| LEADER | 00000naa a2200000 4500 | ||
|---|---|---|---|
| 001 | 0307113 | ||
| 005 | 20250324085944.0 | ||
| 041 | 0 | |a eng | |
| 044 | |a GB | ||
| 245 | 1 | 0 | |a Crowding-in and Crowding-out Effects of Public Investments in the Portuguese Economy |c Joao Sousa Andrade, António Portugal Duarte |
| 100 | 1 | |a Andrade, Joao Sousa | |
| 700 | 1 | |a Duarte, António Portugal | |